Hướng dẫn thực hành phần mềm Eviews

Cuốn sách trình bày những vấn đề cơ bản về phần mềm EViews phiên bản 6.0 trong tích phân kinh tế lượng.

Сохранить в:
Библиографические подробности
Главный автор: Bùi, Dương Hải
Формат:
Язык:Undetermined
Опубликовано: Hà Nội Khoa học và Kĩ thuật 2011
Предметы:
Метки: Добавить метку
Нет меток, Требуется 1-ая метка записи!
Thư viện lưu trữ: Trung tâm Học liệu Trường Đại học Cần Thơ
LEADER 00761nam a2200205Ia 4500
001 CTU_177514
008 210402s9999 xx 000 0 und d
020 |c 40000 
082 |a 330.015195 
082 |b H103 
100 |a Bùi, Dương Hải 
245 0 |a Hướng dẫn thực hành phần mềm Eviews 
245 0 |c Bùi Dương Hải 
260 |a Hà Nội 
260 |b Khoa học và Kĩ thuật 
260 |c 2011 
520 |a Cuốn sách trình bày những vấn đề cơ bản về phần mềm EViews phiên bản 6.0 trong tích phân kinh tế lượng. 
650 |a Econometrics,Kinh tế lượng 
904 |i Anh Thư 
980 |a Trung tâm Học liệu Trường Đại học Cần Thơ